Les 10 pays les plus peuplés en 2050 - Statistiques

Statistiques générales
  • Ce quiz a été pris 234 fois
  • Le résultat moyen est 8 sur 10
Statistiques - réponses
Population espéré Pays % Correct
1.3 milliards d'habitants Chine
100%
400 millions d'habitants Etats - Unis
100%
1.7 milliards d'habitants Inde
99%
250 millions d'habitants Brésil
85%
350 millions d'habitants Indonésie
77%
450 millions d'habitants Nigéria
73%
380 millions d'habitants Pakistan
71%
225 millions d'habitants République démocratique du Congo
69%
200 millions d'habitants Bangladesh
63%
210 millions d'habitants Ethiopie
51%
Aucun quiz correspondant
Distribution des résultats
% des personnes avec chaque résultat
Percentile par nombre de réponses
Votre historique - résultats
Vous n’avez pas pris ce quiz